000 00766cab a2200241 4500
001 ABS57798
008 090401t1997 xxu||||| |||| 00| 0 eng d
035 _a(Sirsi) u81323
041 _aeng
100 _aWaters, B.
245 _aPlanning for horses
260 _c1997
350 _a0
490 _aArchitects` Journal
_v206(11) 25 September 1997, 73-75(3)
520 _aExplains how planning permission is needed for housing horses, as only horses bred for slaughter and the sale of food are classed as agricultural uses. Includes information on siting stables.
650 _aAGRICULTURAL USE
650 _aHORSES
650 _aPLANNING PERMISSION
650 _aSTABLES
690 _aPLANNING LAW AND PRACTICE
942 _n0
948 _c07/10/1997
999 _c51238
_d51238